Statistics for All 500k+ Cities in Southeast Asia on a Map

Click here to take the quiz!

General Stats

  • This quiz has been taken 144 times
  • The average score is 25 of 58

Answers on the Map

Answers color-coded by a green-red scale on the quiz's map according to % correct below.
Loading ...
 

Answer Stats

PopulationCountry% Correct
23,088,000Manila
96%
6,314,000Yangon
95%
6,576,000Hanoi
95%
34,540,000Jakarta
93%
17,066,000Bangkok
93%
13,312,000Ho Chi Minh City
93%
8,285,000Kuala Lumpur
93%
5,745,000Singapore
90%
2,275,000Cebu City
83%
6,499,000Surabaya
81%
1,633,000Mandalay
79%
2,177,000Phnom Penh
79%
7,065,000Bandung
77%
3,632,000Medan
73%
1,058,000Vientiane
72%
1,389,000Denpasar
71%
1,430,000Da Nang
68%
1,952,000Makassar
63%
1,889,000Palembang
51%
1,568,000Yogyakarta
50%
1,981,000Johor Bahru
48%
636,000Angeles
44%
1,623,000Hai Phong
41%
1,992,000Semarang
40%
1,320,000Penang
39%
1,390,000Pattaya-Chon Buri
34%
1,222,000Davao City
34%
1,106,000Surakarta
32%
780,000Zamboanga
31%
1,362,000Batam
31%
1,493,000Malang
27%
1,118,000Pekanbaru
24%
580,000Can Tho
23%
585,000Serang
23%
645,000Balikpapan
23%
796,000Padang
23%
978,000Bandar Lampung
23%
740,000Hue
22%
660,000Pontianak
22%
960,000Samarinda
21%
710,000Banjarmasin
20%
800,000Ipoh
19%
1,017,000Cirebon
19%
770,000Kuching
18%
585,000General Santos
18%
590,000Nha Trang
18%
595,000Jambi
16%
555,000Udon Thani
15%
671,000Tasikmalaya
15%
700,000Cagayan de Oro
14%
595,000Rayong
13%
863,000Vung Tau
13%
525,000Cilegon
12%
510,000Lampang
11%
535,000Iloilo City
10%
500,000Nakhon Ratchasima
10%
620,000Seremban
9%
590,000Bacalod
5%

Score Distribution

Percentile by Number Answered

Percent of People with Each Score

Your Score History

You have not taken this quiz